El secreto de los Incas /
El imperio Inca fue el mas extenso de la historia, pero solo perduró un siglo. ¿Cómo pudo ser dominada esta civilización por 200 conquistadores españoles..? ¿Por que estos feroces guerreros no ofrecieron Resistencia a los invasores? El científico norteamericano William Sullivan ha desarrollado una i...
Guardado en:
| Autor Principal: | |
|---|---|
| Formato: | |
| Publicado: |
Holanda,
2004.
|
| Series: | Mayas Aztecas E Incas
|
| Materias: | |
| Etiquetas: |
Agregar Etiqueta
Sin Etiquetas, Sea el primero en etiquetar este registro!
|
| LEADER | 01330ngm a22002175g 4500 | ||
|---|---|---|---|
| 001 | CEM.cems023841 | ||
| 008 | 130507s2004##################0###0#####d | ||
| 005 | 20250707190627.0 | ||
| 245 | 1 | 0 | |a El secreto de los Incas / |c Roel Oostra. |
| 260 | |a Holanda, |c 2004. | ||
| 300 | |a 50'. | ||
| 490 | 0 | |a Mayas Aztecas E Incas | |
| 520 | |a El imperio Inca fue el mas extenso de la historia, pero solo perduró un siglo. ¿Cómo pudo ser dominada esta civilización por 200 conquistadores españoles..? ¿Por que estos feroces guerreros no ofrecieron Resistencia a los invasores? El científico norteamericano William Sullivan ha desarrollado una investigación detectivesca para encontrar una respuesta a este enigma en los mitos incas, que registran su historia sagrada codificada en el Cielo. Según éstos, su tragic destino estaba escrito en las estrellas. Pero el Inca Pachacuti no se resigna al veredicto de los Astros. Así se inició una gesta única en la historia humana: una guerra contra el tiempo. | ||
| 538 | |a Soporte: DVD - Formato: AVI - Resolución: 320 x 240 - Grabación DRD | ||
| 500 | |a Consultar en ventanilla. | ||
| 590 | |a Resolución muy baja | ||
| 100 | 1 | |a Oostra, Roel. | |
| 082 | 3 | 5 | |/ COM |
| 653 | |a DOCUMENTAL | ||
| 653 | |a IMPERIO INCA | ||
| 859 | |a CEMS |b BIB. CEMS - Depto. Recursos Didacticos |h 351 |i COM |k DRD |p 2484.15 |t Ej.1 | ||
